The Last Of Us All Weapons - Statistics

General Stats
  • This quiz has been taken 16 times
  • The average score is 14 of 20
Answer Stats
Weapon Type Weapon % Correct
Sidearm Revolver
100%
Long Gun Bow
92%
Throwable Molotov
92%
Long Gun Shotgun
92%
Sidearm 9mm
83%
Melee Pipe
83%
Long Gun Hunting Rifle
75%
Melee Machete
75%
Long Gun Assault Rifle
67%
Melee Bat
67%
Throwable Bottle
67%
Throwable Brick
67%
Long Gun Flamethrower
67%
Throwable Nail Bomb
67%
Throwable Smoke Bomb
67%
Sidearm El Diablo
58%
Melee Shiv
58%
Sidearm Shorty
50%
Melee 2x4
25%
Melee Hatchet
25%
No matching quizzes found
Score Distribution
Percent of People with Each Score
Percentile by Number Answered
Your Score History
You have not taken this quiz